000 00499nam a2200193Ia 4500
005 20140311163057.0
008 140130s9999 xx 000 0 und d
020 _a043958177x
050 _aPZ 7
_b.C7593Di 1999
100 _aConford, Ellen
_926465
245 _cConford, Ellen
_aDiary of a monster's son /
260 _bScholastic,
_c1999.
_aBoston, Mass :
300 _a76 p. :
_bill. ;
_c22 cm.
440 _v1
_931174
521 _aG2
526 _c390
942 _cBK
_2lcc
999 _c40211
_d40211